Nuevas tecnologías aplicadas a la educación / (Registro nro. 11470)

Detalles MARC
000 -LEADER
fixed length control field 01259nam a2200277 4500
001 - CONTROL NUMBER
control field 0000023035
003 - CONTROL NUMBER IDENTIFIER
control field CO-CtgCURN
005 - DATE AND TIME OF LATEST TRANSACTION
control field 20250329191025.0
007 - PHYSICAL DESCRIPTION FIXED FIELD--GENERAL INFORMATION
fixed length control field ta
008 - FIXED-LENGTH DATA ELEMENTS--GENERAL INFORMATION
fixed length control field 160627s2007 000 0 eng d
020 ## - INTERNATIONAL STANDARD BOOK NUMBER
International Standard Book Number 9788448156114
040 ## - CATALOGING SOURCE
Original cataloging agency CO-CtgCURN
Language of cataloging spa
Transcribing agency coctgcurn
082 0# - DEWEY DECIMAL CLASSIFICATION NUMBER
Classification number 371.33
Item number N964
245 00 - TITLE STATEMENT
Title Nuevas tecnologías aplicadas a la educación /
Statement of responsibility, etc. coordinador, Julio Cabero Almenara , coautores, Catalina M. Alonso García ... [et al.].
260 ## - PUBLICATION, DISTRIBUTION, ETC.
Place of publication, distribution, etc. Madrid :
Name of publisher, distributor, etc. McGraW-Hill,
Date of publication, distribution, etc. 2007.
300 ## - PHYSICAL DESCRIPTION
Extent xvii, 349 p.
336 ## - CONTENT TYPE
Source rdacontent
337 ## - MEDIA TYPE
Source rdamedia
Media type term sin mediacion
Media type code n
338 ## - CARRIER TYPE
Source rdacarrier
Carrier type term volumen
Carrier type code nc
505 8# - FORMATTED CONTENTS NOTE
Formatted contents note Las nuevas tecnologías en la sociedad de la informacion.--La integracion escolar de las nuevas tecnologías.--Bases para el diseño, la producción y la evaluacion de procesos de enseñanza aprendizaje mediante nuevas tecnologías.--El video en la enseñanza y formacion.--La informatica los multimedia y el hipertexto en la enseñanza.--Internet aplicado a la educación
650 14 - SUBJECT ADDED ENTRY--TOPICAL TERM
Topical term or geographic name entry element Tecnología educativa.
700 1# - ADDED ENTRY--PERSONAL NAME
Personal name Cabero Almenara, Julio, coord.
908 ## - PUT COMMAND PARAMETER (RLIN)
Put command parameter 160627
942 ## - ADDED ENTRY ELEMENTS (KOHA)
Koha item type Libros
Classification part 371.33
Item part N964
Source of classification or shelving scheme Dewey Decimal Classification
Existencias
Withdrawn status Lost status Source of classification or shelving scheme Damaged status Not for loan Collection Home library Current library Shelving location Date acquired Inventory number Total checkouts Full call number Barcode Date last seen Price effective from Koha item type Public note
    Dewey Decimal Classification     General Miguel Henríquez Castañeda Miguel Henríquez Castañeda General 03/29/2025 012512   371.33 N964 012512 03/29/2025 03/29/2025 Libros 370-EDUCAC